|
|
|
|
| LEADER |
00903nab#a2200337#ar4500 |
| 001 |
000103418 |
| 003 |
SVKKK |
| 005 |
20101221144810.0 |
| 008 |
080509c2010 xo |||||||||||||||b|slo |
| FMT |
|
|
|
| 015 |
|
|
|a SNBRB2010/12
|
| 038 |
|
|
|a SVKKK
|
| 040 |
|
|
|a SVKKK
|b slo
|e AACR2
|
| 041 |
0 |
|
|a slo
|
| 044 |
|
|
|a xo
|c SK
|
| 080 |
|
|
|a 666.322
|2 1997
|
| 080 |
|
|
|a 669.018.9
|2 1997
|
| 080 |
|
|
|a 615.4
|2 1997
|
| 100 |
1 |
|
|a Rakovský, E.
|4 aut
|
| 245 |
1 |
0 |
|a Oxidy a nanokompozity pre farmaceutické a fotokatalytické aplikácie
|c E. Rakovský, M. Vargová, G. Plesch
|
| 650 |
0 |
4 |
|a nanokompozity
|x oxidy
|x farmaceutiká
|
| 700 |
1 |
|
|a Vargová, M.
|4 aut
|
| 700 |
1 |
|
|a Plesch, G.
|4 aut
|
| 773 |
0 |
|
|t Mineralia slovaca
|g Roč. 42, č. 2 (2010)
|x 0369-2086
|
| 773 |
0 |
|
|i Príl.:
|t Geovestník
|g Č. 2 (2010), s. 253
|
| 974 |
|
|
|a Ni
|
| 992 |
|
|
|a RBX
|
| BAS |
|
|
|
| 852 |
|
|
|a SVKKK
|b BIB
|
| EXP |
|
|
|
| 998 |
|
|
|a GEO
|